Road to rights : (Record no. 100130)

MARC details
000 -LEADER
fixed length control field 02031nam a22002417a 4500
005 - DATE AND TIME OF LATEST TRANSACTION
control field 20220714105256.0
010 ## - LCCN (DPL NO)
LC control number ENG-115230
020 ## - INTERNATIONAL STANDARD BOOK NUMBER
International Standard Book Number 9789351509141
Terms of availability 750.00
035 ## - SYSTEM CONTROL NUMBER
System control number EN-98762
037 ## - SOURCE OF ACQUISITION
Source of stock number/acquisition DBAD/PUB
082 00 - DEWEY DECIMAL CLASSIFICATION NUMBER
Classification number 305.40954
245 10 - TITLE STATEMENT
Title Road to rights :
Remainder of title women, social security and protection in India /
Statement of responsibility, etc edited by Priti Darooka
260 ## - PUBLICATION, DISTRIBUTION, ETC. (IMPRINT)
Place of publication, distribution, etc New Delhi
Name of publisher, distributor, etc SAGE Publications
Date of publication, distribution, etc 2016
270 ## - ADDRESS
Address B1/I-1 Mohan Cooperative Industrial Area, Mathura Road
City New Delhi
Postal code 110044
300 ## - PHYSICAL DESCRIPTION
Extent xv,228p.
Dimensions 23cm(Hb)
500 ## - GENERAL NOTE
General note Includes bibliographical references.
505 ## - FORMATTED CONTENTS NOTE
Formatted contents note Preface -- Priti darooka -- Acknowledgements -- Introduction / Dr. N.C. Saxena -- Conceptual framework -- A society which cares : a framework for universal social protection / Harsh Mander -- Unpacking social protection from a women's rights lens / Sejal Dand -- The human right to social protection and the post-2015 development agenda / Dr. Timo Voipio -- Missing dimension -- Social protection for women workers : with special reference to unpaid domestic workers / Indira Hirway -- Women's invisibility as workers / Aasha Kapur Mehta -- Livelihood security critical for women's social security / Nalini Nayak -- Unpacking social security -- Social pensions : the real aadhar for the niradhar / Anjor Bhaskar -- Our secure beliefs and their insecure lives : sex workers organize for change / Shubha Chacko, Gowri Vijayakumar, Subadra Panchanadeswaran -- Food and nutrition security in India : challenges ahead / Biraj Patnaik -- Maternity entitlements in India : an overview / Yamini Atmavilas -- Strengthening NREGA from a gender perspective : learnings from the field / Subhalakshmi Nandi -- Women and social security : convergence model of delivery / Rashmi Singh -- About the editor and contributors -- About pwescr.
650 ## - SUBJECT ADDED ENTRY--TOPICAL TERM
Topical term or geographic name as entry element Women
Geographic subdivision India
General subdivision Social conditions.
650 ## - SUBJECT ADDED ENTRY--TOPICAL TERM
Topical term or geographic name as entry element Social security
Geographic subdivision India.
650 ## - SUBJECT ADDED ENTRY--TOPICAL TERM
Topical term or geographic name as entry element Women's rights
Geographic subdivision India.
700 ## - ADDED ENTRY--PERSONAL NAME
Personal name Darooka, Priti
942 ## - ADDED ENTRY ELEMENTS (KOHA)
Source of classification or shelving scheme Dewey Decimal Classification
Item type English Books
Classification part 305.40954
Call number suffix ROA
Holdings
Withdrawn status Lost status Not for loan Collection code Home library Current library Date acquired Source of acquisition Cost, normal purchase price Full call number Barcode Copy number Cost, replacement price Koha item type
    Not For Loan Non-fiction D.B.Act.Division D.B.Act.Division 30/05/2016 DBAD/PUB. 750.00 305.40954 ROA EN-98762 1 750.00 English Books

© Delhi Public Library
Hit Counter
free hit counter